000 00721nam a2200241 a 4500
001 1390
003 BD-RjUL
005 20211208233330.0
008 800222s1947 nyu b 000 0 eng
035 _a(BD-RjUL)1412
040 _aDLC
_cDLC
_dDLC
_dBD-RjUL
_beng
041 _aeng
082 0 0 _a199.5691
_223
_bHAP 1947
100 1 _aHammond, Robert,
_9222554
245 1 4 _aThe philosophy of Alfarabi and its influence on medieval thought /
_cby Robert Hammond
260 _aNew York,
_bHobson Book Press,
_c1947.
300 _a55 p., [2] leaves
_c22 cm.
504 _aBibliography: p. [57]
600 0 0 _aFārabī.
_9222557
650 0 _aPhilosophy, Medieval.
_9222556
942 _2ddc
_cRAR
999 _c1390
_d1390